La gestión estratégica de la Educación Superior = Strategic management of higher education (Registro nro. 42049)
[ vista simple ]
| 000 -CABECERA | |
|---|---|
| Longitud fija campo de control | 01201naa a2200301 c 4500 |
| 001 - NÚMERO DE CONTROL | |
| Número de control | 42049 |
| 003 - IDENTIFICADOR DE NÚMERO DE CONTROL | |
| Identificador del número de control | ES-MaCES |
| 005 - FECHA Y HORA DE LA ÚLTIMA TRANSACCIÓN | |
| Fecha y hora de la última transacción | 20150925134514.0 |
| 008 - CAMPO FIJO DE DESCRIPCIÓN FIJA--INFORMACIÓN GENERAL | |
| Códigos de información de longitud fija | 110905n2011 sp d t 000 | spa d |
| 035 ## - NÚMERO DE CONTROL DEL SISTEMA | |
| Número de control del sistema | CES20110009414v |
| 040 ## - FUENTE DE CATALOGACIÓN | |
| Centro catalogador de origen | ES-MaCES |
| Lengua de catalogación | spa |
| Centro transcriptor | ES-MaCES |
| 245 03 - MENCIÓN DE TÍTULO | |
| Título | La gestión estratégica de la Educación Superior = Strategic management of higher education |
| Resto del título | : retos y oportunidades = challenges and opportunities |
| Mención de responsabilidad, etc. | Editores invitados Francesc Solé Parellada y Xavier Llinàs-Audet |
| 500 ## - NOTA GENERAL | |
| Nota general | Resumen |
| 650 #4 - ASIENTO SECUNDARIO DE MATERIA--TÉRMINO DE MATERIA | |
| Término de materia o nombre geográfico como elemento inicial | datos estadísticos |
| 9 (RLIN) | 30765 |
| 650 #4 - ASIENTO SECUNDARIO DE MATERIA--TÉRMINO DE MATERIA | |
| Término de materia o nombre geográfico como elemento inicial | informe técnico |
| 9 (RLIN) | 28987 |
| 650 #4 - ASIENTO SECUNDARIO DE MATERIA--TÉRMINO DE MATERIA | |
| Término de materia o nombre geográfico como elemento inicial | necesidades de investigación |
| 9 (RLIN) | 29828 |
| 650 #4 - ASIENTO SECUNDARIO DE MATERIA--TÉRMINO DE MATERIA | |
| Término de materia o nombre geográfico como elemento inicial | gestión de la formación |
| 9 (RLIN) | 29970 |
| 650 #4 - ASIENTO SECUNDARIO DE MATERIA--TÉRMINO DE MATERIA | |
| Término de materia o nombre geográfico como elemento inicial | plan nacional |
| 9 (RLIN) | 27018 |
| 650 #4 - ASIENTO SECUNDARIO DE MATERIA--TÉRMINO DE MATERIA | |
| Término de materia o nombre geográfico como elemento inicial | enseñanza superior |
| 9 (RLIN) | 27379 |
| 653 10 - TÉRMINO DE INDEXACIÓN--NO CONTROLADO | |
| Término no controlado | Educación |
| 650 #4 - ASIENTO SECUNDARIO DE MATERIA--TÉRMINO DE MATERIA | |
| 9 (RLIN) | 29282 |
| Término de materia o nombre geográfico como elemento inicial | evaluación del nivel de formación |
| 700 1# - ENCABEZAMIENTO SECUNDARIO--NOMBRE PERSONAL | |
| Nombre de persona | Llinàs-Audet, Xavier |
| Término indicativo de función | ed. |
| 9 (RLIN) | 16702 |
| 700 1# - ENCABEZAMIENTO SECUNDARIO--NOMBRE PERSONAL | |
| Nombre de persona | Solé Parellada, Francesc |
| Término indicativo de función | ed. |
| 9 (RLIN) | 24233 |
| 773 0# - ENTRADA DE DOCUMENTO FUENTE | |
| Título | Revista de educación |
| Parte(s) relacionada(s) | n. 355 (mayo-ag. 2011){10220 R. 079266}; p. 279 |
| Número de control del registro relacionado | (ES-MaCES)25235 |
| Itemnumber del ítem fuente | 44585 |
| 902 ## - CES. TIPO DE DOCUMENTO | |
| Tipodoc (006$c Sirtex) | ART Artículo de revista |
| 942 ## - ELEMENTOS KOHA | |
| Fuente de clasificaión o esquema | Clasificación propia del CES |
| Koha [por defecto] tipo de item | Artículos (1982-2017) |
| Parte de clasificación | 4.0. |
No hay ítems disponibles.
